SpongeBob Quiz - Statistics

General Stats
  • This quiz has been taken 833 times
    829 since last reset
  • The average score is 3 of 12
Answer Stats
Hint Answer % Correct
What is Mr. Krab's first name? Eugene
97%
What animals let Sandy live in her dome? Monkeys
45%
What creatures eat all of spongeBob's house? Nematodes
29%
What creature eats half of SpongeBob's house? Alaskan Bull Worm
27%
What instrument does SpongeBob try to play at Squidward's house? Cello
16%
What breaks SpongeBob's spatula? Monster Patty
15%
What type of fear does Squidward have? Claustrophobia
11%
What organ does Squidward lose that gets replaced by SpongeBob? Laughing Box
9%
What bone does SpongeBob break while clam skiing? His Butt
4%
What is the name of Mr. Krab's boat? S.S. Cheapskate
4%
What kind of cookies does SpongeBob's grandma make? Gingerbread Men
2%
Who puts dimples on Krabby Patties? SpongeBob's Cousin
1%
No matching quizzes found
Score Distribution
Percent of People with Each Score
Percentile by Number Answered
Your Score History
You have not taken this quiz since the last reset